Grace in Galatians: (Record no. 5784)

000 -LEADER
fixed length control field 00634nam a2200181 a 4500
001 - CONTROL NUMBER
control field :::00003526$&:&@@
003 - CONTROL NUMBER IDENTIFIER
control field OkBaRHE
005 - DATE AND TIME OF LATEST TRANSACTION
control field 20000607103306.0
008 - FIXED-LENGTH DATA ELEMENTS--GENERAL INFORMATION
fixed length control field s1912 j 000 0 eng u
040 ## - CATALOGING SOURCE
Transcribing agency
100 1# - MAIN ENTRY--PERSONAL NAME
Personal name Bishop, George Sayles,
245 10 - TITLE STATEMENT
Title Grace in Galatians:
Remainder of title a new and concise commentary on the Epistle.
260 ## - PUBLICATION, DISTRIBUTION, ETC. (IMPRINT)
Place of publication, distribution, etc New York, NY., :
Name of publisher, distributor, etc Gospel Publishing House
Date of publication, distribution, etc c1912
300 ## - PHYSICAL DESCRIPTION
Extent 148 p. ;
Dimensions 20 cm.
650 ## - SUBJECT ADDED ENTRY--TOPICAL TERM
Topical term or geographic name as entry element Bible New Testament Galatians
General subdivision Commentaries
942 ## - ADDED ENTRY ELEMENTS (KOHA)
Source of classification or shelving scheme
Koha item type Books
Copies
Permanent Location Source of classification or shelving scheme Date last seen Shelving location Price effective from Copy number Damaged status Lost status Withdrawn status Not for loan Date acquired Barcode Koha item type Full call number
RHEMA Bible Training College 2018-04-03General Stacks2010-04-141    2010-04-143526BooksBS 2685 .B48